[Event "FIDE World Cup Women 2023"]
[Site "Baku AZE"]
[Date "2023.07.31"]
[Round "1.2"]
[White "Nguyen, Thi Mai Hung"]
[Black "Mammadova, Gulnar"]
[Result "0-1"]
[WhiteTitle "WGM"]
[BlackTitle "IM"]
[WhiteElo "2229"]
[BlackElo "2357"]
[WhiteFideId "12401676"]
[BlackFideId "13403508"]
[EventDate "2023.07.30"]
[EventType "k.o."]

1. d4 Nf6 2. Nf3 d5 3. e3 e6 4. Bd3 Be7 5. Nbd2 c5 6. b3 b6 7. Bb2 O-O 8. O-O
Ba6 9. c4 Nbd7 10. Qe2 cxd4 11. exd4 Rc8 12. Rac1 Bb7 13. Rfd1 Bd6 14. Ne5 Qe7
15. Ndf3 h6 16. Bb1 Ne4 17. Nxd7 Qxd7 18. Ne5 Qe7 19. f3 Nf6 20. Qd3 Rfd8 21. c5
bxc5 22. dxc5 Bxc5+ 23. Rxc5 Qxc5+ 24. Bd4 Qc7 25. b4 Ne4 26. Re1 f6 27. Ng4 Qc4
28. Qe3 e5 29. Bxa7 d4 30. Qd3 Qxb4 31. Rf1 Rc3 32. Qd1 Ng5 33. f4 exf4 34. h4
Rg3 35. Rf2 Nh3+ 36. Kf1 Ba6+ 37. Re2 Re8 0-1

[Event "FIDE World Cup Women 2023"]
[Site "Baku AZE"]
[Date "2023.07.31"]
[Round "1.2"]
[White "Cyfka, Karina"]
[Black "Castrillon Gomez, Melissa"]
[Result "1/2-1/2"]
[WhiteTitle "IM"]
[BlackTitle "WIM"]
[WhiteElo "2356"]
[BlackElo "2235"]
[WhiteFideId "1122681"]
[BlackFideId "4402413"]
[EventDate "2023.07.30"]
[EventType "k.o."]

1. d4 Nf6 2. c4 e6 3. Nc3 d5 4. cxd5 exd5 5. Bg5 c6 6. e3 h6 7. Bh4 Be7 8. Qc2
O-O 9. Nf3 Re8 10. Bg3 Ne4 11. Nxe4 dxe4 12. Nd2 Bb4 13. a3 Bxd2+ 14. Qxd2 Be6
15. Be2 Nd7 16. O-O Nb6 17. Rac1 Qd7 18. Rfe1 Nd5 19. Rc2 a5 20. Rec1 Rec8 21.
Rc5 b6 22. R5c2 a4 23. Bc4 Ne7 24. Qb4 Bxc4 25. Rxc4 b5 26. R4c2 Rd8 27. Qd2 Qe6
28. Rc5 Rd5 29. R5c3 Rad8 30. R3c2 Ra8 31. Qb4 f6 32. Qd2 Kf7 33. Bc7 Rc8 34.
Bg3 Qd7 35. Qe2 Qe6 36. Rc3 Qd7 37. f3 Qe6 38. Qc2 exf3 39. gxf3 Rd7 40. Bf2 Nd5
41. Rxc6 Nxe3 42. Qe4 Rxc6 43. Rxc6 Qxe4 44. fxe4 Nc4 45. d5 f5 46. Rc5 fxe4 47.
Rxb5 e3 48. Bg3 Nd2 49. d6 Nc4 50. Kf1 Nxd6 51. Rd5 Ke6 52. Re5+ Kf6 53. Rd5 Ke6
54. Re5+ Kf6 1/2-1/2

[Event "FIDE World Cup Women 2023"]
[Site "Baku AZE"]
[Date "2023.07.31"]
[Round "1.2"]
[White "Frayna, Janelle Mae"]
[Black "Aulia, Medina Warda"]
[Result "1/2-1/2"]
[WhiteTitle "WGM"]
[BlackTitle "IM"]
[WhiteElo "2243"]
[BlackElo "2355"]
[WhiteFideId "5212499"]
[BlackFideId "7101570"]
[EventDate "2023.07.30"]
[EventType "k.o."]

1. e4 e6 2. d4 d5 3. Nd2 Be7 4. Bd3 c5 5. dxc5 Nf6 6. Qe2 O-O 7. Ngf3 a5 8. c3
Na6 9. e5 Nd7 10. O-O Naxc5 11. Bb5 a4 12. Rb1 f6 13. b4 axb3 14. axb3 Nxe5 15.
Nxe5 fxe5 16. Qxe5 Qa5 17. c4 Nd3 18. Qe3 Nxc1 19. Rbxc1 d4 20. Qd3 Qb4 21. Nf3
Rd8 22. Rfd1 Bf6 23. h3 Ra2 24. Ba4 Rb2 25. Qe4 Qc5 26. Ne1 Qh5 27. Nd3 Re2 28.
Qg4 Qxg4 29. hxg4 e5 30. Kf1 Ra2 31. Nb4 Rb2 32. Nd3 Ra2 33. Nb4 Rb2 34. Nd3 Ra2
35. Nb4 1/2-1/2

[Event "FIDE World Cup Women 2023"]
[Site "Baku AZE"]
[Date "2023.07.31"]
[Round "1.2"]
[White "Beydullayeva, Govhar"]
[Black "Gajcin, Marina"]
[Result "1-0"]
[WhiteTitle "WGM"]
[BlackTitle "WIM"]
[WhiteElo "2355"]
[BlackElo "2251"]
[WhiteFideId "13413015"]
[BlackFideId "949086"]
[EventDate "2023.07.30"]
[EventType "k.o."]

1. Nf3 Nf6 2. c4 c5 3. Nc3 Nc6 4. d4 cxd4 5. Nxd4 e6 6. a3 Bc5 7. Nb3 Bb6 8. c5
Bc7 9. g3 O-O 10. Bg2 Be5 11. Qd3 b6 12. O-O Rb8 13. Rd1 bxc5 14. Nxc5 d5 15. b4
Ng4 16. Bd2 Bd4 17. Be1 Qf6 18. Qf3 Qxf3 19. exf3 Nge5 20. Nb3 Bb6 21. b5 Na5
22. Nxa5 Bxa5 23. Nxd5 exd5 24. Bxa5 Rxb5 25. Bc3 Nc6 26. f4 Rd8 27. Rab1 Rxb1
28. Rxb1 d4 29. Bd2 Bd7 30. Rb7 Be8 31. Rc7 Nb8 32. Rxa7 h5 33. Ba5 Rc8 34. Rc7
Rxc7 35. Bxc7 Nc6 36. Kf1 Na7 37. Bb6 Nb5 38. a4 Na3 39. Bxd4 Bxa4 40. Bf3 g6
41. Bd5 Bd7 42. Ke2 Nb5 43. Be5 Kf8 44. Kd3 Na7 45. Kc4 Nc8 46. Kc5 Bh3 47. f3
Ne7 48. Bd6 Ke8 49. Bc4 Bg2 50. Bb5+ Kd8 51. Be5 Ng8 52. Kd6 Bxf3 53. Bc3 Nh6
54. Ba5+ Kc8 55. Bd7+ Kb7 56. Ke7 Bd5 57. Bb4 Ng8+ 58. Kd6 Bb3 59. Bc3 Nh6 60.
Ke7 Ng4 61. Be8 Nh6 62. Kf8 Kc7 63. Bg7 Ng4 64. h3 Nf2 65. Bxf7 Bc2 66. Be5+ Kd7
67. Kg7 g5 68. Bxh5 gxf4 69. Bxf4 Bf5 70. h4 Nd3 71. Bg6 Ke6 72. Bxf5+ Kxf5 73.
h5 Nc5 74. h6 Ne6+ 75. Kf7 Nd8+ 76. Kg8 Kg6 77. h7 Nf7 78. h8=N+ 1-0

[Event "FIDE World Cup Women 2023"]
[Site "Baku AZE"]
[Date "2023.07.31"]
[Round "1.2"]
[White "Gomez Barrera, Javiera Belen"]
[Black "Francisco Guecamburu, Candela Be"]
[Result "1/2-1/2"]
[WhiteTitle "WIM"]
[BlackTitle "WGM"]
[WhiteElo "2256"]
[BlackElo "2352"]
[WhiteFideId "3418723"]
[BlackFideId "160911"]
[EventDate "2023.07.30"]
[EventType "k.o."]

1. e4 c6 2. d4 d5 3. e5 c5 4. Nf3 Nc6 5. dxc5 Bg4 6. c3 e6 7. Be3 a6 8. h3 Bxf3
9. Qxf3 Nxe5 10. Qg3 Nc6 11. Nd2 Nf6 12. Bd3 Qb8 13. Qxb8+ Rxb8 14. b4 Be7 15.
O-O Nd7 16. Rab1 Bf6 17. Rfc1 O-O 18. Bf1 Rfd8 19. Nb3 e5 20. Rd1 Nf8 21. a3 Ne6
22. c4 Ne7 23. cxd5 Nxd5 24. Bd2 Nd4 25. Na5 Rd7 26. Be1 Rbd8 27. Kh1 Nc2 28.
Nc4 Nc7 29. Rxd7 Rxd7 30. Bc3 Nd4 31. Nb6 Rd8 32. a4 Nce6 33. Bc4 a5 34. bxa5
Nxc5 35. f3 Bg5 36. Bb4 Nde6 37. Bd5 Be3 38. Ba3 Bd4 39. Bb2 Bxb2 40. Rxb2 Nxa4
41. Nxa4 Rxd5 42. Rxb7 Rxa5 43. Rb8+ Nf8 44. Nc3 Rc5 45. Ne4 Rd5 46. Ng5 h6 47.
Nh7 Kxh7 48. Rxf8 Kg6 49. Kh2 Rd2 50. Re8 Kf6 51. Kg3 g5 52. Rg8 Rd4 53. Kf2 h5
54. g4 Rf4 55. Kg3 e4 56. fxe4 Rxe4 57. Kf3 Re5 58. gxh5 Rf5+ 59. Kg3 Rf4 60. h6
Rh4 61. Rh8 Kf5 62. Kg2 f6 63. Kg3 Kg6 64. Rg8+ Kh7 65. Rd8 Rxh6 66. Rd4 Kg6 67.
Rb4 f5 68. Rb3 Rh7 69. Kg2 Rc7 70. Rb8 Rc2+ 71. Kf3 Rc3+ 72. Kg2 Rd3 73. Rf8 Re3
74. Kh2 Re2+ 75. Kg1 Rc2 76. Kh1 Ra2 77. Kg1 Rb2 78. Kh1 f4 79. h4 Kh5 80. hxg5
Kxg5 81. Rg8+ Kf5 82. Kg1 Ke4 83. Rc8 Re2 84. Kf1 Kf3 85. Rc3+ Re3 86. Rc2 Rb3
87. Rf2+ Kg3 88. Rg2+ Kh3 89. Rg8 Rf3+ 90. Ke2 Rg3 91. Rf8 1/2-1/2

[Event "FIDE World Cup Women 2023"]
[Site "Baku AZE"]
[Date "2023.07.31"]
[Round "1.2"]
[White "Vo, Thi Kim Phung"]
[Black "Rudzinska, Michalina"]
[Result "0-1"]
[WhiteTitle "WGM"]
[BlackTitle "WFM"]
[WhiteElo "2351"]
[BlackElo "2257"]
[WhiteFideId "12401838"]
[BlackFideId "1172883"]
[EventDate "2023.07.30"]
[EventType "k.o."]

1. e4 c5 2. Nf3 d6 3. d4 cxd4 4. Nxd4 Nf6 5. Nc3 a6 6. Be3 e5 7. Nb3 Be7 8. f3
h5 9. Qd2 Be6 10. O-O-O Nbd7 11. Kb1 Rc8 12. g3 b5 13. Nd5 Nxd5 14. exd5 Bf5 15.
Bd3 Bxd3 16. Qxd3 Qc7 17. Rhe1 Bf6 18. Re2 g6 19. Qd2 O-O 20. h3 Nb6 21. Bxb6
Qxb6 22. Na5 e4 23. Nc6 exf3 24. Rf2 Bg5 25. Qe1 Rce8 26. Qf1 f5 27. Rxf3 Re4
28. Rfd3 Bf6 29. Qg2 Rfe8 30. Qd2 Kg7 31. a3 Re2 32. Qb4 Qf2 33. Qb3 R8e4 34.
Nb8 a5 35. Rf3 Qg2 36. Nc6 Rxc2 37. Qxc2 Re2 38. Qd3 Rxb2+ 39. Kc1 Ra2 40. Rd2
Qg1+ 41. Rf1 Ra1+ 42. Kc2 Qc5+ 0-1

[Event "FIDE World Cup Women 2023"]
[Site "Baku AZE"]
[Date "2023.07.31"]
[Round "1.2"]
[White "Toncheva, Nadya"]
[Black "Daulyte-Cornette, Deimante"]
[Result "1/2-1/2"]
[WhiteTitle "FM"]
[BlackTitle "IM"]
[WhiteElo "2263"]
[BlackElo "2348"]
[WhiteFideId "2924056"]
[BlackFideId "12802859"]
[EventDate "2023.07.30"]
[EventType "k.o."]

1. e4 c5 2. c3 d5 3. exd5 Qxd5 4. Nf3 Nc6 5. d4 Nf6 6. Be2 e6 7. Na3 cxd4 8. Nb5
Qd8 9. Nbxd4 Nxd4 10. Nxd4 Bc5 11. Be3 Bb6 12. Qc2 O-O 13. O-O-O Nd5 14. Bd3 h6
15. Qe2 Nxe3 16. Qxe3 Qd5 17. Be4 Qxa2 18. Qe2 Bxd4 19. Rxd4 e5 20. Bb1 Qe6 21.
Rd2 Qf6 22. Re1 Bf5 23. Bxf5 Qxf5 24. Qxe5 Qg6 25. f4 Rad8 26. Red1 Rxd2 27.
Rxd2 Qc6 28. Qd5 Qa6 29. Qe4 Qb5 30. Rd5 Qc6 31. Rd4 Qb5 32. Qd5 Qf1+ 33. Kc2
Re8 34. Qxb7 Re2+ 35. Rd2 Rxd2+ 36. Kxd2 Qxf4+ 37. Kd3 Qxh2 38. Qa8+ Kh7 39.
Qe4+ g6 40. c4 Qg1 41. Qe7 Qd1+ 42. Kc3 Qc1+ 43. Kb3 Qd1+ 44. Kb4 Qd2+ 45. Ka3
Qa5+ 46. Kb3 Qb6+ 47. Kc3 Qa5+ 48. Kd3 Qf5+ 49. Kd4 Qf4+ 50. Kd5 Qd2+ 51. Kc5
Qf2+ 52. Kc6 Qxg2+ 53. Kc7 Qg3+ 54. Kc6 Qg2+ 55. Kd6 Qd2+ 56. Kc6 Qg2+ 57. Kd6
Qd2+ 58. Kc6 1/2-1/2

[Event "FIDE World Cup Women 2023"]
[Site "Baku AZE"]
[Date "2023.07.31"]
[Round "1.2"]
[White "Rakhmangulova, Anastasiya"]
[Black "Radeva, Viktoria"]
[Result "0-1"]
[WhiteTitle "WIM"]
[BlackTitle "WGM"]
[WhiteElo "2347"]
[BlackElo "2267"]
[WhiteFideId "14117479"]
[BlackFideId "2915405"]
[EventDate "2023.07.30"]
[EventType "k.o."]

1. e4 e6 2. d4 d5 3. exd5 exd5 4. Nf3 Nf6 5. Bd3 c5 6. O-O c4 7. Re1+ Be7 8. Bf1
O-O 9. b3 cxb3 10. axb3 Bg4 11. Bb2 Nc6 12. Nbd2 Rc8 13. Bd3 Bb4 14. c3 Bd6 15.
Nf1 Qc7 16. h3 Bh5 17. Ne3 Bh2+ 18. Kh1 Bf4 19. c4 Nb4 20. Bf5 Ne4 21. Rf1 Bxe3
22. Bxc8 Bxf2 23. g4 Qg3 24. gxh5 Rxc8 25. Nh2 Qxh3 0-1

[Event "FIDE World Cup Women 2023"]
[Site "Baku AZE"]
[Date "2023.07.31"]
[Round "1.2"]
[White "Miranda Llanes, Yerisbel"]
[Black "Kulon, Klaudia"]
[Result "1/2-1/2"]
[WhiteTitle "WGM"]
[BlackTitle "IM"]
[WhiteElo "2268"]
[BlackElo "2331"]
[WhiteFideId "3507700"]
[BlackFideId "1131044"]
[EventDate "2023.07.30"]
[EventType "k.o."]

1. d4 Nf6 2. c4 e6 3. Nc3 Bb4 4. e3 O-O 5. Bd3 d5 6. Ne2 c5 7. a3 Bxc3+ 8. bxc3
b6 9. cxd5 exd5 10. O-O Ba6 11. f3 Bxd3 12. Qxd3 Re8 13. Ng3 Nc6 14. Bb2 c4 15.
Qd2 h5 16. Rae1 g6 17. e4 h4 18. Nf5 gxf5 19. Qg5+ Kh8 20. Qh6+ Kg8 21. e5 Nh7
22. Qxc6 Re6 23. Qa4 Nf8 24. Bc1 Rg6 25. Qc2 Qd7 26. Kf2 b5 27. Rg1 a5 28. g4
fxg4 29. Rxg4 Rxg4 30. fxg4 b4 31. Bg5 bxc3 32. Bf6 Rb8 33. Qc1 Rb2+ 34. Kf3 Rd2
35. Rd1 Rxd1 36. Qxd1 Nh7 37. Qc1 Nxf6 38. Qg5+ Kf8 39. Qh6+ Ke8 40. Qh8+ Ng8
41. Qxg8+ Ke7 42. Qg5+ Ke8 43. Qg8+ Ke7 44. Qg5+ Ke8 1/2-1/2

[Event "FIDE World Cup Women 2023"]
[Site "Baku AZE"]
[Date "2023.07.31"]
[Round "1.2"]
[White "Alinasab, Mobina"]
[Black "Ryjanova, Julia"]
[Result "0-1"]
[WhiteTitle "WGM"]
[BlackTitle "WGM"]
[WhiteElo "2329"]
[BlackElo "2273"]
[WhiteFideId "12528897"]
[BlackFideId "4127714"]
[EventDate "2023.07.30"]
[EventType "k.o."]

1. e4 c5 2. Nc3 e6 3. d4 cxd4 4. Qxd4 Nc6 5. Qe3 Nf6 6. Bd2 d5 7. exd5 Nb4 8.
O-O-O Nfxd5 9. Nxd5 Nxd5 10. Qg3 Bd7 11. Bc4 Qc7 12. Qb3 Nb6 13. Bb5 Rc8 14.
Bxd7+ Nxd7 15. Bc3 a6 16. Nf3 b5 17. Bd4 Nc5 18. Qe3 Nd7 19. Kb1 Bc5 20. Bxc5
Nxc5 21. h4 Nd7 22. Rd2 O-O 23. h5 h6 24. Qd4 Nf6 25. Qe3 Rfd8 26. Rxd8+ Rxd8
27. c3 Nd5 28. Qe4 Nf6 29. Qe2 Qc5 30. Ne5 Qd5 31. Re1 Qd2 32. Nc6 Qxe2 33. Rxe2
Rd6 34. Nd4 Nxh5 35. g3 Nf6 36. Kc2 Nd5 37. Kb3 Rb6 38. a4 Kf8 39. a5 Rd6 40. c4
bxc4+ 41. Kxc4 Ke8 42. b4 Kd7 43. Rb2 Nc7 44. Nb3 Kc6 45. Nd4+ Kd7 46. b5 e5 47.
Nf5 axb5+ 48. Kb4 Rd5 49. Ne3 Na6+ 50. Kb3 Rd4 51. Ra2 Rd3+ 52. Kb2 Rd2+ 53. Kb1
Rxa2 54. Kxa2 h5 55. Kb3 Kc6 56. Kc3 g6 57. f3 Kc5 58. Kd3 f5 59. Kc3 f4 60.
gxf4 exf4 61. Nd1 b4+ 62. Kd3 Kd5 63. Nf2 Nc5+ 64. Kc2 Kc4 65. Nh3 b3+ 66. Kb1
Kb5 67. Nxf4 h4 68. Kb2 Kxa5 69. Ka3 Kb5 70. Nh3 Kc4 71. Kb2 Nd3+ 72. Kb1 Kd4
73. f4 0-1

[Event "FIDE World Cup Women 2023"]
[Site "Baku AZE"]
[Date "2023.07.31"]
[Round "1.2"]
[White "Yan, Tianqi"]
[Black "Nandhidhaa, P V"]
[Result "1-0"]
[WhiteTitle "WIM"]
[BlackTitle "WGM"]
[WhiteElo "2277"]
[BlackElo "2329"]
[WhiteFideId "8615250"]
[BlackFideId "5050847"]
[EventDate "2023.07.30"]
[EventType "k.o."]

1. e4 d6 2. d4 Nf6 3. Nc3 e5 4. Nf3 Nbd7 5. Bc4 Be7 6. h3 O-O 7. Be3 c6 8. a4
exd4 9. Qxd4 Nb6 10. Bb3 d5 11. exd5 Nfxd5 12. Nxd5 cxd5 13. Qd3 Bf6 14. Nd4 Qc7
15. Nb5 Qc6 16. O-O-O Be6 17. Bd4 Bg5+ 18. Kb1 a6 19. Nc3 Nc4 20. h4 Bh6 21.
Rhg1 b5 22. g4 Bf4 23. h5 bxa4 24. Nxa4 Rab8 25. h6 g6 26. Qf3 Qc7 27. Nc5 Bg5
28. Nxa6 Qa5 29. Nxb8 Rxb8 30. Bxc4 dxc4 31. Qc3 Qxc3 32. Bxc3 Bxh6 33. Bf6 Bf4
34. g5 h5 35. gxh6 Kh7 36. Rd8 Rxd8 37. Bxd8 Kxh6 38. Ka2 g5 39. b4 cxb3+ 40.
cxb3 g4 41. Bf6 Kg6 42. Bc3 Kf5 43. Kb2 Ke4 44. b4 Kf3 45. Bd4 Bd7 46. Kc3 f5
47. Kc4 Bd6 48. b5 Be6+ 49. Kc3 f4 50. Ra1 Bd5 51. Ra7 Be4 52. Rd7 Bb8 53. b6 g3
54. fxg3 fxg3 55. b7 g2 56. Rf7+ Ke2 57. Re7 Kf3 58. Re8 Bh2 59. b8=Q Bxb8 60.
Rxb8 Ke2 61. Re8 Kd1 62. Rxe4 g1=Q 63. Bxg1 1-0

[Event "FIDE World Cup Women 2023"]
[Site "Baku AZE"]
[Date "2023.07.31"]
[Round "1.2"]
[White "Gomes, Mary Ann"]
[Black "Forgas Moreno, Yaniela"]
[Result "1/2-1/2"]
[WhiteTitle "WGM"]
[BlackTitle "WGM"]
[WhiteElo "2326"]
[BlackElo "2293"]
[WhiteFideId "5013623"]
[BlackFideId "3508072"]
[EventDate "2023.07.30"]
[EventType "k.o."]

1. Nf3 c5 2. c4 Nc6 3. Nc3 e5 4. g3 g6 5. Bg2 Bg7 6. a3 Nge7 7. b4 d5 8. cxd5
Nxd5 9. Nxd5 Qxd5 10. Bb2 cxb4 11. O-O Qb5 12. axb4 O-O 13. Ng5 Rd8 14. Qb3 Rd7
15. f4 Qxb4 16. Qxb4 Nxb4 17. fxe5 Re7 18. Bc3 Nc6 19. d4 Bd7 20. Ne4 Rd8 21.
Nd6 Be8 22. Rab1 Nxd4 23. Bxd4 Rxd6 24. exd6 Bxd4+ 25. Kh1 Rd7 26. Rxb7 Rxd6 27.
Rd1 Ba4 28. Rd2 a5 29. e3 Bc5 30. Rxd6 Bxd6 31. Bd5 Be8 32. Ra7 Kg7 33. Ra8 Bb5
34. Rxa5 Be8 35. Kg2 h5 36. Kf3 h4 37. Ra8 Bb5 38. Ra7 Be8 39. Ra8 Bb5 40. Ra7
Be8 41. Ra8 1/2-1/2

[Event "FIDE World Cup Women 2023"]
[Site "Baku AZE"]
[Date "2023.07.31"]
[Round "1.2"]
[White "Priyanka, Nutakki"]
[Black "Brunello, Marina"]
[Result "1/2-1/2"]
[WhiteTitle "WGM"]
[BlackTitle "IM"]
[WhiteElo "2293"]
[BlackElo "2324"]
[WhiteFideId "25049615"]
[BlackFideId "822590"]
[EventDate "2023.07.30"]
[EventType "k.o."]

1. e4 c5 2. Nc3 d6 3. d4 cxd4 4. Qxd4 Nc6 5. Qd2 Nf6 6. b3 e6 7. Bb2 d5 8. exd5
exd5 9. O-O-O Be6 10. Bb5 Qa5 11. Nge2 Bb4 12. Qg5 O-O-O 13. Bxc6 bxc6 14. f3
Rhg8 15. Na4 h6 16. Qe3 Bd7 17. Nf4 Rge8 18. Qf2 Bd6 19. Nd3 Kb8 20. Kb1 Bc8 21.
Nac5 Re7 22. g4 Rde8 23. h4 Re2 24. Qd4 R8e7 25. Bc3 Qb6 26. Bb4 Ne8 27. Qc3 Ka8
28. Ba5 Qb8 29. Rhe1 h5 30. Rxe2 Rxe2 31. Re1 Rxe1+ 32. Qxe1 Nf6 33. g5 Nd7 34.
Na4 Ne5 35. Qc3 Nxd3 36. Qxd3 Qb5 37. Qc3 c5 38. Qe1 Ba6 39. Bc3 d4 40. Bd2 Bb7
41. f4 Bd5 42. f5 c4 43. Qf1 Be4 44. f6 Bxc2+ 45. Kxc2 cxb3+ 46. Kb2 Qxf1 47.
fxg7 bxa2 48. g8=Q+ Kb7 49. Kxa2 Qc4+ 50. Kb1 Qd3+ 51. Kc1 Ba3+ 52. Kd1 Qf1+ 53.
Kc2 Qc4+ 54. Kb1 Qb3+ 55. Ka1 Bb4 56. Qe8 Qa3+ 57. Kb1 Qd3+ 58. Ka1 Qa3+ 59. Kb1
Qd3+ 60. Ka1 Qxd2 61. Qxf7+ Ka6 62. Qc4+ Ka5 63. Nb2 Bc3 64. Qc5+ Ka6 65. Qc6+
Ka5 66. Qc5+ Ka6 67. Qc6+ Ka5 68. Qc5+ 1/2-1/2

[Event "FIDE World Cup Women 2023"]
[Site "Baku AZE"]
[Date "2023.07.31"]
[Round "1.2"]
[White "Ordaz Valdes, Lisandra Teresa"]
[Black "Yu, Jennifer"]
[Result "1/2-1/2"]
[WhiteTitle "IM"]
[BlackTitle "FM"]
[WhiteElo "2318"]
[BlackElo "2303"]
[WhiteFideId "3506940"]
[BlackFideId "2078341"]
[EventDate "2023.07.30"]
[EventType "k.o."]

1. d4 g6 2. c4 Bg7 3. e4 d6 4. Nc3 Nd7 5. Be2 e5 6. d5 h6 7. h4 f5 8. h5 Ndf6 9.
hxg6 Ne7 10. exf5 Bxf5 11. Bd3 Qd7 12. Nge2 Bxg6 13. Ng3 O-O-O 14. Qc2 Bxd3 15.
Qxd3 Qg4 16. Qe2 Qg6 17. Nce4 Kb8 18. Nxf6 Bxf6 19. Qe4 Rdg8 20. Qxg6 Rxg6 21.
Rh5 Rg4 22. b3 Bg7 23. Be3 c6 24. dxc6 bxc6 25. Rd1 d5 26. Bc5 Ng6 27. Nf5 Bf8
28. Bxf8 Rxf8 29. Ne3 Re4 30. cxd5 Nf4 31. Rh2 cxd5 32. g3 d4 33. gxf4 exf4 34.
Rd3 fxe3 35. fxe3 dxe3 36. Rh3 Rf2 37. Rdxe3 Rxe3+ 38. Rxe3 Rxa2 39. Rh3 Ra6 40.
Kd2 Re6 41. Kc3 Kc7 42. Kd4 Kc6 43. Rh5 Rd6+ 44. Kc4 Kd7 45. b4 Kc7 46. Rf5 Rg6
47. Rh5 Rc6+ 48. Kd4 Rb6 49. Kc4 Kd7 50. b5 Rd6 51. Rh1 Ke8 52. Ra1 Rd7 53. Ra6
Rc7+ 54. Kd5 Rd7+ 55. Kc4 Rh7 56. b6 axb6 57. Rxb6 Kd8 58. Ra6 Kc8 59. Kd4 Kb7
60. Rg6 Kc7 61. Ke4 Kd7 62. Ra6 Rh8 63. Kf4 h5 64. Kg3 Ke7 1/2-1/2

[Event "FIDE World Cup Women 2023"]
[Site "Baku AZE"]
[Date "2023.07.31"]
[Round "1.2"]
[White "Yakubbaeva, Nilufar"]
[Black "Repkova, Eva"]
[Result "0-1"]
[WhiteTitle "WGM"]
[BlackTitle "IM"]
[WhiteElo "2311"]
[BlackElo "2312"]
[WhiteFideId "14204487"]
[BlackFideId "14900440"]
[EventDate "2023.07.30"]
[EventType "k.o."]

1. d4 d5 2. c4 e6 3. Nf3 Nf6 4. Nc3 a6 5. cxd5 exd5 6. Bg5 Be7 7. e3 h6 8. Bh4
c6 9. Qc2 O-O 10. h3 Re8 11. Bd3 Nbd7 12. O-O Ne4 13. Bxe7 Qxe7 14. Rae1 Ndf6
15. Ne5 Nd6 16. f3 c5 17. b3 b5 18. dxc5 Qxe5 19. cxd6 Bd7 20. f4 Qxd6 21. Qf2
Qc5 22. Nb1 Re7 23. Re2 Rae8 24. Rfe1 b4 25. Bxa6 Bf5 26. e4 Qxf2+ 27. Kxf2 Rxe4
28. Rxe4 Nxe4+ 29. Kg1 Ra8 30. Bb7 Rxa2 31. g4 Be6 32. f5 Bd7 33. Bxd5 Nf6 34.
Bc4 Bc6 35. Rd1 Kf8 36. Bf1 Bf3 37. Rd4 Ne4 38. Rd3 Be2 39. Bxe2 Rxe2 40. Rd4
Re1+ 41. Kg2 Rxb1 42. Rxe4 Rxb3 43. h4 Rb2+ 44. Kg3 Rb1 45. Kg2 b3 46. Rb4 Ke7
47. g5 hxg5 48. hxg5 Kd6 49. g6 f6 50. Rb7 b2 51. Rb5 Kc6 52. Rb3 Kd5 53. Rb7
Ke5 54. Rb5+ Kf4 55. Kh2 Kg5 56. Kg2 Rc1 0-1

[Event "FIDE World Cup Women 2023"]
[Site "Baku AZE"]
[Date "2023.08.02"]
[Round "2.1"]
[White "Ju, Wenjun"]
[Black "Repkova, Eva"]
[Result "1/2-1/2"]
[WhiteTitle "GM"]
[BlackTitle "IM"]
[WhiteElo "2564"]
[BlackElo "2312"]
[WhiteFideId "8603006"]
[BlackFideId "14900440"]
[EventDate "2023.07.30"]
[EventType "k.o."]

1. d4 d5 2. c4 e6 3. Nf3 Nf6 4. g3 Be7 5. Bg2 O-O 6. O-O c6 7. Nc3 a5 8. b3 b6
9. Qd3 Ba6 10. a4 Nbd7 11. Rd1 Bb4 12. Bb2 Rc8 13. Na2 Bd6 14. Nc3 Bb4 15. Na2
Bd6 16. Nc3 Bb4 1/2-1/2

[Event "FIDE World Cup Women 2023"]
[Site "Baku AZE"]
[Date "2023.08.02"]
[Round "2.1"]
[White "Ordaz Valdes, Lisandra Teresa"]
[Black "Goryachkina, Aleksandra"]
[Result "1/2-1/2"]
[WhiteTitle "IM"]
[BlackTitle "GM"]
[WhiteElo "2318"]
[BlackElo "2557"]
[WhiteFideId "3506940"]
[BlackFideId "4147103"]
[EventDate "2023.07.30"]
[EventType "k.o."]

1. d4 d5 2. c4 e6 3. Nc3 Nf6 4. cxd5 exd5 5. Bg5 Be7 6. e3 h6 7. Bh4 O-O 8. Bd3
Re8 9. Nge2 c6 10. O-O Nh5 11. Bxe7 Qxe7 12. Qc2 Nd7 13. a3 a5 14. Na4 Ra7 15.
Bh7+ Kh8 16. Bf5 Qg5 17. Bxd7 Bxd7 18. Qc5 Ra6 19. Qd6 Bg4 20. Ng3 Raa8 21. Nb6
Ra6 22. Na4 Raa8 23. Nb6 Ra6 24. Na4 Raa8 1/2-1/2

[Event "FIDE World Cup Women 2023"]
[Site "Baku AZE"]
[Date "2023.08.02"]
[Round "2.1"]
[White "Koneru, Humpy"]
[Black "Priyanka, Nutakki"]
[Result "1-0"]
[WhiteTitle "GM"]
[BlackTitle "WGM"]
[WhiteElo "2553"]
[BlackElo "2293"]
[WhiteFideId "5008123"]
[BlackFideId "25049615"]
[EventDate "2023.07.30"]
[EventType "k.o."]

1. d4 d5 2. c4 e6 3. Nf3 Nf6 4. Qc2 Bb4+ 5. Bd2 a5 6. a3 Be7 7. Nc3 O-O 8. Bf4
c6 9. e4 dxe4 10. Nxe4 Nxe4 11. Qxe4 Nd7 12. Bd3 Nf6 13. Qe2 c5 14. O-O-O cxd4
15. Be5 Bd6 16. Bxd4 Qe7 17. Kb1 Rd8 18. Bc2 Bc7 19. Ne5 Bd7 20. Nxd7 Rxd7 21.
Bxf6 Rxd1+ 22. Rxd1 Qxf6 23. Rd7 Rc8 24. Be4 Qe5 25. Qf3 Rf8 26. Bxb7 Qxh2 27.
c5 Qe5 28. Qe3 Qf5+ 29. Be4 Qe5 30. Bd3 f6 31. Bc4 Qf5+ 32. Bd3 Qe5 33. Qxe5
Bxe5 34. Bc4 Rb8 35. b3 Kf8 36. Kc2 Rc8 37. b4 axb4 38. axb4 Rc7 39. Rxc7 Bxc7
40. Bxe6 Ke7 41. Bd5 Be5 42. Kd3 Kd8 43. b5 Kc8 44. b6 1-0

[Event "FIDE World Cup Women 2023"]
[Site "Baku AZE"]
[Date "2023.08.02"]
[Round "2.1"]
[White "Kosteniuk, Alexandra"]
[Black "Yan, Tianqi"]
[Result "1-0"]
[WhiteTitle "GM"]
[BlackTitle "WIM"]
[WhiteElo "2532"]
[BlackElo "2277"]
[WhiteFideId "4128125"]
[BlackFideId "8615250"]
[EventDate "2023.07.30"]
[EventType "k.o."]

1. e4 e6 2. d4 d5 3. Nc3 Nf6 4. Bg5 dxe4 5. Nxe4 Nbd7 6. Nxf6+ Nxf6 7. Nf3 Be7
8. Bd3 c5 9. dxc5 Qa5+ 10. c3 Qxc5 11. Qe2 Bd7 12. Ne5 Bd6 13. Bxf6 gxf6 14.
Nxd7 Kxd7 15. Qf3 Qe5+ 16. Kf1 Rab8 17. Re1 Qf4 18. Qd1 Bc5 19. Qe2 Ke7 20. g3
Qd6 21. Be4 Bb6 22. Kg2 Qc5 23. Qf3 Qc7 24. Re2 Qd7 25. Rhe1 Bc5 26. Qh5 Qd6 27.
Bd5 Bb6 28. Qf5 e5 29. c4 Bd4 30. f4 Qd7 31. Qh5 Rbf8 32. Qh4 1-0

[Event "FIDE World Cup Women 2023"]
[Site "Baku AZE"]
[Date "2023.08.02"]
[Round "2.1"]
[White "Ryjanova, Julia"]
[Black "Tan, Zhongyi"]
[Result "1/2-1/2"]
[WhiteTitle "WGM"]
[BlackTitle "GM"]
[WhiteElo "2273"]
[BlackElo "2523"]
[WhiteFideId "4127714"]
[BlackFideId "8603642"]
[EventDate "2023.07.30"]
[EventType "k.o."]

1. d4 Nf6 2. c4 e6 3. g3 d5 4. Nf3 Bb4+ 5. Bd2 Be7 6. Bg2 c6 7. Qc2 O-O 8. O-O
b6 9. Bf4 Bb7 10. b3 dxc4 11. Qxc4 c5 12. dxc5 Bxc5 13. Nc3 Qe7 14. Ne5 Rc8 15.
Qd3 Nc6 16. Nxc6 Bxc6 17. Bxc6 Rxc6 18. Bg5 h6 19. Bxf6 Qxf6 20. Ne4 Qd8 21.
Nxc5 Rxc5 22. Rfd1 Qxd3 23. Rxd3 Rc2 24. e3 Rac8 25. Rd7 a5 26. Rad1 Rc1 27.
Rxc1 Rxc1+ 28. Kg2 Rc2 29. Rb7 Rxa2 30. Rxb6 a4 31. bxa4 Rxa4 32. Rb7 1/2-1/2